000 00428nam a2200169Ia 4500
003 LK-CoDNM
008 010623t1912 xxu||||| |||| 00| 1 sin d
040 _aLK-CoDNM
_dLK-CoDNM
_eLK-CoDNM
041 _asin
080 _a104 C 22
100 _aSiri Depankara Thero,
_eed.
245 _aසිලෝකමාලා
246 _aSilokamala
260 _bVidya Bhusana
_aAmbalangoda
_c1912
300 _b8p, 18 cm
942 _cBK
999 _c87649
_d87649